Statistics for World Capitals Containing K

Click here to take the quiz!

General Stats

  • This quiz has been taken 3,063 times
  • The average score is 24 of 34

Answer Stats

capital % Correct
Kiev
84%
Ankara
81%
Kathmandu
81%
Kinshasa
81%
Tokyo
81%
Kabul
80%
Kingston
80%
Kuala Lumpur
79%
Reykjavík
78%
Bangkok
78%
Stockholm
77%
Khartoum
77%
Kigali
77%
Jakarta
77%
Kuwait City
76%
Helsinki
76%
Kampala
76%
Bishkek
75%
Baku
75%
Kingstown
74%
Tashkent
73%
Dhaka
72%
Dakar
71%
Minsk
69%
Skopje
66%
Bamako
65%
Lusaka
63%
Windhoek
62%
Conakry
59%
Nouakchott
57%
Palikir
57%
Sri Jayawarde-
napura Kotte
54%
Nuku'alofa
53%
Yamoussoukro
53%

Score Distribution

Percentile by Number Answered

Percent of People with Each Score

Your Score History

You have not taken this quiz